000
00411nam a2200145Ia 4500
008
220531s9999 xx 000 0 und d
041
_a
mar
100
_a
कुलकर्णी, पी . के.
_9
54768
245
_a
आरोग्य आणि समाज
260
_a
Pune
_b
Diamand
_c
2007
542
_d
14-11-2008
650
_a
Sociology
_9
54769
906
_d
2008-2009
999
_c
31683
_d
31683